000
00258nam a2200109Ia 4500
005
20251222114346.0
008
251222s1900||||xx |||||||||||||| ||spa||
082
_a
DVD0080/P26/1990
245
0
_a
Despertares
264
_b
Lasker/Parkes Productions
942
_c
DVD
999
_c
1047
_d
1047